01392 a2200169 4500999001700000020001800017082001800035100002000053245006900073260004800142300001500190504003500205520066100240650017100901942001201072952013801084 c25274d25274 a9781108497466 a954.96bZHA-M aZharkevich, Ina aMaoist people's war and the revolution of everyday life in Nepal bCambridge University Pressc2019aCambridge axiv, 320p. aInclude Bibliography and Index aBy providing a rich ethnography of wartime social processes in the former Maoist heartland of Nepal, this book explores how the Maoist People's War (1996–2006) transformed Nepali society. Drawing on long-term fieldwork with people who were located at the epicentre of the conflict, including both ardent Maoist supporters and 'reluctant rebels', it explores how a remote Himalayan village was forged as the centre of the Maoist rebellion, how its inhabitants coped with the situation of war and the Maoist regime of governance, and how they came to embrace the Maoist project and maintain ordinary life amidst the war while living in a guerrilla enclave. aPolitics and government-1960vSocial life and customsvSocial conditionsvCommunismvInsurgency--Social aspectsvEthnologvCivil War, 1996-2006--Social aspectszNepal 2ddccBK 00104070aNASSDOCbNASSDOCd2019-09-06eOPg580.35i2019-09-04l0o954.96 ZHA-Mp50497r2019-09-06 00:00:00v795.00w2019-09-06yBK